Korean Provinces/Municipal Cities Quiz Stats

 Plays Quiz not verified by Sporcle

Challenge
Share
Tweet
Score 0/29 Timer 03:00
0 Plays Today
% Correct
Busan
98%
Seoul
94.9%
Daegu
86.7%
Jeju
86.7%
Incheon
85.7%
Ulsan
75.5%
Gwangju
73.5%
Daejeon
71.4%
Gangwon
68.4%
Kangwon
67.3%
Pyongyang
66.3%
Jeolla-buk
64.3%
Jeolla-nam
63.3%
Chungcheong-nam
62.2%
Gyeonggi
61.2%
% Correct
Chungcheong-buk
61.2%
Sejong
57.1%
Gyeongsang-buk
55.1%
Gyeongsang-nam
55.1%
Pyongan-buk
49%
Pyongan-nam
49%
Rason
43.9%
Hamgyong-buk
38.8%
Hamgyong-nam
38.8%
Nampo
37.5%
Chagang
36.7%
Ryanggang
33.7%
Hwanghae-buk
32.7%
Hwanghae-nam
32.7%

You're not logged in!

Compare scores with friends on all Sporcle quizzes.
OR
Log In

You Might Also Like...

Show Comments

Extras

Top Quizzes Today


Score Distribution

Your Account Isn't Verified!

In order to create a playlist on Sporcle, you need to verify the email address you used during registration. Go to your Sporcle Settings to finish the process.

Report this User

Report this user for behavior that violates our Community Guidelines.

Details: